Statistics for MLB Longest Playoff Winning Streaks

Click here to take the quiz!

General Stats

  • This quiz has been taken 33 times
  • The average score is 9 of 12

Answer Stats

HintAnswer% Correct
12 Games in a row (1998-1999)Yankees
100%
12 Games in a row (1927-1928, 1932Yankees
88%
11 Games in a row (1985, 2014)Royals
80%
10 Games in a row (2012, 2014)Giants
76%
10 Games in a row (1937-1939, 1941)Yankees
76%
8 Games in a row (2004)Red Sox
72%
8 Games in a row (2019)Nationals
68%
8 Games in a row (2005)White Sox
68%
10 Games in a row (1989-1990)Athletics
64%
9 Games in a row (2007-2008)Red Sox
60%
8 Games in a row (1975-1976)Reds
52%
8 Games in a row (1990, 1995)Reds
48%

Score Distribution

Percentile by Number Answered

Percent of People with Each Score

Your Score History

You have not taken this quiz